各种知识 #30 General knowledge - Statistics

General Stats
  • This quiz has been taken 41 times
  • The average score is 8 of 20
Answer Stats
出题者 问题 答案 % Correct
Ming1461 从中国境内不可以直飞七大洲中哪个有人定居的大洲?(不包括经停,大洲以中国教材的定义为准) 南美洲
87%
Ming1461 生活中制作面食等食品经常用到的纯碱,在物质分类上不是一种碱,而是一种?
69%
Ming1461 在平面上,到两不同定点的距离之和等于定长,且这个定长大于两定点间距的点组成的集合是什么图形? 椭圆
64%
CNY 小说《射雕英雄传》中,“西毒”的名字是 欧阳锋
59%
Ming1461 在空间中,到定点的距离小于或等于定长的点组成的集合是什么几何体? 球体
59%
Ming1461 在平面上,到两不同定点的距离之差的绝对值等于定长,且这个定长小于两定点间距的点组成的集合是什么图形? 双曲线
56%
Ming1461 在“2·23乔丹商标案”(美国迈克尔·乔丹将“中国乔丹”告上法庭一案)中,美国乔丹认为“中国乔丹”的商标是迈克尔·乔丹上篮的剪影,“中国乔丹”方称该剪影不是如此,而是一个人手里拿着?(和体育有关) 乒乓球拍
54%
Ming1461 “战国七雄”指哪七个国家?(省略“国”后的七个字,按灭亡时间先后排列) 韩赵魏楚燕齐秦
54%
Ming1461 巴黎第33届夏季奥运会开幕式在当地时间2024年7月26日19时30分举行。家住上海的小明观看了开幕式,他观看开幕式的日期和时间是?(格式与题目中一致,即YYYY年MM月DD日HH时MM分,无意义的0可以省略) 2024年07月27日01时30分
44%
TMDDS 韩国的国名来自于古时朝鲜半岛上的三个名字里带“韩”的部族,即“三韩”,它们是(答出一个即可) 马韩/弁韩/辰韩
38%
Ming1461 贾谊《过秦论》中提到的“四君”(当此之时,齐有??,赵有??,楚有??,魏有??)依次是(不需要写出“君”字,不用符号分隔) 孟尝、平原、春申、信陵
36%
CNY 太行八陉中,连接阳泉和石家庄两个地区的是哪一条 井陉
33%
TMDDS 江泽民同志逝世后,其骨灰由中国人民解放军海军____舰(舰名)护送撒入长江入海口 扬州
33%
CNY 东沙群岛在中国大陆的行政序列中属于哪个地级市 汕尾市
31%
CNY 温德姆酒店集团旗下,在中国拥有大量分店的连锁酒店品牌是哪一家 速8酒店
21%
TMDDS 印度河的上游是发源于中国青藏高原的森格藏布,又名 狮泉河
18%
Ming1461 郑州新郑国际机场由于货运班线多,被飞友们和一个美国城市名强行组合,称为?(也可以只写出这个美国城市) 郑克雷奇
15%
TMDDS 佛法僧目某科鸟类的统称,因喜欢吃蜂类而得名 蜂虎
10%
CNY 月海中,唯一一个面积足够大(四五百万平方千米)以至于被称为“洋”的是 风暴洋
8%
TMDDS 《施氏食狮史》全文第一句是(十二个字,不用加逗号) 石室诗士施氏嗜狮誓食十狮
8%
No matching quizzes found
Score Distribution
Percent of People with Each Score
Percentile by Number Answered
Your Score History
You have not taken this quiz